Diario

Сохранить в:
Библиографические подробности
Главные авторы: Matta Vial, Enrique (autor), Argomedo, José Gregorio (Автор), Egaña, Juan (Автор), Salas, Manuel de (Автор)
Формат:
Язык:испанский
Опубликовано: Santiago Imprenta Cervantes, Delicias, 1167 1911
Редактирование:1a. ed
Серии:Colección de Historiadores i de Documentos relativos a la Independencia de Chile, XIX
Предметы:
Метки: Добавить метку
Нет меток, Требуется 1-ая метка записи!

MARC

LEADER 00000nam a2200000 a 4500
001 UCJ7908
003 CL-VaPUC
008 070124e19110000CL |||||||||||||||||spa|d
082 0 4 |a 983  |b MAT  |2 21 
100 |a Matta Vial, Enrique  |e autor  |9 516430 
700 0 |a Argomedo, José Gregorio  |e author  |9 507323 
700 |a Egaña, Juan   |e author  |9 387807 
700 |a Salas, Manuel de  |e author  |9 443666 
245 1 0 |a Diario 
246 1 0 |a Epocas y hechos memorables en Chile 
246 1 0 |a Plan de Gobierno 
246 1 0 |a Diálogo de los Porteros 
246 1 0 |a Proclama del Padre Camilo Henríquez 
250 |a 1a. ed 
300 |a xxv, 392 p 
942 |c BK 
945 |d 20070124 00:00:00  |a rinostro 
260 |a Santiago  |b Imprenta Cervantes, Delicias, 1167  |c 1911 
600 0 |a Henríquez, Camilo  |9 337912 
600 0 7 |a QUIRINO LEMACHEZ  |2 CL-VaPUC  |9 516415 
600 0 7 |a FIGUEROA, TOMAS DE  |2 CL-VaPUC  |9 443731 
600 0 |a Egaña, Juan   |9 387807 
650 0 |a Historia de Chile  |9 265473 
650 0 |a Independencia   |9 344246 
650 0 |a Diarios   |9 420844 
650 0 |a Fuentes Históricas  |9 265141 
583 |a last modification  |c 20070124 00:00:00  |k Rodrigo Vera 
490 0 |a Colección de Historiadores i de Documentos relativos a la Independencia de Chile, XIX 
999 |c 323772  |d 323770 
952 |0 0  |1 0  |4 0  |6 983_000000000000000_MAT_1911  |7 0  |8 X  |9 403571  |a FDOBUD  |b FDOBUD  |d 2019-11-22  |i 1018914  |o 983 MAT 1911  |p 1018914  |r 2019-11-22  |w 2019-11-22  |y BK_X  |k BUD